000 01220nam a22002417a 4500
999 _c10517
_d10517
003 AR-CdUCM
008 190401b ||||| |||| 00| 0 spa d
040 _aMUNICIPALIDAD PROVINCIAL DEL CUSCO
_cBIBLIOTECA MUNICIPAL DEL CUSCO
041 _hfre
082 _a508.3 /
_bC81 / 1935
100 _aCondamine, M., de la
_927426
245 _aRelación abreviada de un viaje hecho por el interior de la América Meridional :
_bdesde la costa del mar del Sur hasta las costas del Brasil y de la Guayana siguiendo el curso del río de las Amazonas /
260 _aMadrid :
_bEspasa-Calpe,
_c1935.
300 _a229 páginas ;
_bilustraciones plegables,
_c18 cm.
505 _aContenido: Relación abreviada de un viaje hecho por el interior de la América Meridional -- Carta a la señora -- Documentos justificantes para probar la mayor parte de los hechos que se alegan en la carta precedente -- Carta de M. de la Condamine -- Carta de M. Godin des Odonais.
650 _aSiglo XVIII
_9837
650 _aPerú-Descripciones y viajes
_927427
650 _aCondiciones económicas
_91989
650 _aSudamérica
_94944
700 _aRuiz Morcuende, Federico (traducción)
_927428
942 _2ddc
_cLIBROS
945 _aachl